Statistics for Quiz Solar System And Dwarf Planets Moons

Click here to take the quiz!

General Stats

  • This quiz has been taken 5 times
  • The average score is 7 of 155

Answer Stats

HintAnswer% Correct
Quiz Solar System And Dwarf Planets MoonsCharon
50%
Quiz Solar System And Dwarf Planets MoonsDysnomia
50%
Quiz Solar System And Dwarf Planets MoonsMoon
50%
Quiz Solar System And Dwarf Planets MoonsAmalthea
25%
Quiz Solar System And Dwarf Planets MoonsCallisto
25%
Quiz Solar System And Dwarf Planets MoonsDeimos
25%
Quiz Solar System And Dwarf Planets MoonsEuropa
25%
Quiz Solar System And Dwarf Planets MoonsGanymede
25%
Quiz Solar System And Dwarf Planets MoonsHiʻiaka
25%
Quiz Solar System And Dwarf Planets MoonsHydra
25%
Quiz Solar System And Dwarf Planets MoonsIo
25%
Quiz Solar System And Dwarf Planets MoonsKerberos
25%
Quiz Solar System And Dwarf Planets MoonsNamaka
25%
Quiz Solar System And Dwarf Planets MoonsNix
25%
Quiz Solar System And Dwarf Planets MoonsPhobos
25%
Quiz Solar System And Dwarf Planets MoonsS/2003 J 12
25%
Quiz Solar System And Dwarf Planets MoonsS/2003 J 19 (Jupiter LXI)
25%
Quiz Solar System And Dwarf Planets MoonsS/2003 J 2
25%
Quiz Solar System And Dwarf Planets MoonsS/2015 (136472) 1
25%
Quiz Solar System And Dwarf Planets MoonsS/2017 J 4
25%
Quiz Solar System And Dwarf Planets MoonsStyx
25%
Quiz Solar System And Dwarf Planets MoonsTitan
25%
Quiz Solar System And Dwarf Planets MoonsVanth
25%
Quiz Solar System And Dwarf Planets MoonsWeywot
25%
Quiz Solar System And Dwarf Planets MoonsAdrastea
0%
Quiz Solar System And Dwarf Planets MoonsAegaeon
0%
Quiz Solar System And Dwarf Planets MoonsAegir
0%
Quiz Solar System And Dwarf Planets MoonsAlbiorix
0%
Quiz Solar System And Dwarf Planets MoonsAnanke
0%
Quiz Solar System And Dwarf Planets MoonsAnthe
0%
Quiz Solar System And Dwarf Planets MoonsAoede
0%
Quiz Solar System And Dwarf Planets MoonsArche
0%
Quiz Solar System And Dwarf Planets MoonsAriel
0%
Quiz Solar System And Dwarf Planets MoonsAtlas
0%
Quiz Solar System And Dwarf Planets MoonsAutonoe
0%
Quiz Solar System And Dwarf Planets MoonsBebhionn
0%
Quiz Solar System And Dwarf Planets MoonsBelinda
0%
Quiz Solar System And Dwarf Planets MoonsBergelmir
0%
Quiz Solar System And Dwarf Planets MoonsBestla
0%
Quiz Solar System And Dwarf Planets MoonsBianca
0%
Quiz Solar System And Dwarf Planets MoonsCaliban
0%
Quiz Solar System And Dwarf Planets MoonsCallirrhoe
0%
Quiz Solar System And Dwarf Planets MoonsCarme
0%
Quiz Solar System And Dwarf Planets MoonsCarpo
0%
Quiz Solar System And Dwarf Planets MoonsChaldene
0%
Quiz Solar System And Dwarf Planets MoonsCordelia
0%
Quiz Solar System And Dwarf Planets MoonsCressida
0%
Quiz Solar System And Dwarf Planets MoonsCupid
0%
Quiz Solar System And Dwarf Planets MoonsCyllene
0%
Quiz Solar System And Dwarf Planets MoonsDaphnis
0%
Quiz Solar System And Dwarf Planets MoonsDesdemona
0%
Quiz Solar System And Dwarf Planets MoonsDespina
0%
Quiz Solar System And Dwarf Planets MoonsDione
0%
Quiz Solar System And Dwarf Planets MoonsEirene
0%
Quiz Solar System And Dwarf Planets MoonsElara
0%
Quiz Solar System And Dwarf Planets MoonsEnceladus
0%
Quiz Solar System And Dwarf Planets MoonsEpimetheus
0%
Quiz Solar System And Dwarf Planets MoonsErinome
0%
Quiz Solar System And Dwarf Planets MoonsErriapus
0%
Quiz Solar System And Dwarf Planets MoonsErsa
0%
Quiz Solar System And Dwarf Planets MoonsEuanthe
0%
Quiz Solar System And Dwarf Planets MoonsEukelade
0%
Quiz Solar System And Dwarf Planets MoonsEupheme
0%
Quiz Solar System And Dwarf Planets MoonsEuporie
0%
Quiz Solar System And Dwarf Planets MoonsEurydome
0%
Quiz Solar System And Dwarf Planets MoonsFarbauti
0%
Quiz Solar System And Dwarf Planets MoonsFenrir
0%
Quiz Solar System And Dwarf Planets MoonsFerdinand
0%
Quiz Solar System And Dwarf Planets MoonsFornjot
0%
Quiz Solar System And Dwarf Planets MoonsFrancisco
0%
Quiz Solar System And Dwarf Planets MoonsGalatea
0%
Quiz Solar System And Dwarf Planets MoonsHalimede
0%
Quiz Solar System And Dwarf Planets MoonsHarpalyke
0%
Quiz Solar System And Dwarf Planets MoonsHati
0%
Quiz Solar System And Dwarf Planets MoonsHegemone
0%
Quiz Solar System And Dwarf Planets MoonsHelike
0%
Quiz Solar System And Dwarf Planets MoonsHermippe
0%
Quiz Solar System And Dwarf Planets MoonsHerse
0%
Quiz Solar System And Dwarf Planets MoonsHimalia
0%
Quiz Solar System And Dwarf Planets MoonsHippocamp
0%
Quiz Solar System And Dwarf Planets MoonsHyperion
0%
Quiz Solar System And Dwarf Planets MoonsHyrrokkin
0%
Quiz Solar System And Dwarf Planets MoonsIapetus
0%
Quiz Solar System And Dwarf Planets MoonsIjiraq
0%
Quiz Solar System And Dwarf Planets MoonsIocaste
0%
Quiz Solar System And Dwarf Planets MoonsIsonoe
0%
Quiz Solar System And Dwarf Planets MoonsJanus
0%
Quiz Solar System And Dwarf Planets MoonsJarnsaxa
0%
Quiz Solar System And Dwarf Planets MoonsJuliet
0%
Quiz Solar System And Dwarf Planets MoonsJupiter LV
0%
Quiz Solar System And Dwarf Planets MoonsJupiter LXIII
0%
Quiz Solar System And Dwarf Planets MoonsJupiter LXXII
0%
Quiz Solar System And Dwarf Planets MoonsKalyke
0%
Quiz Solar System And Dwarf Planets MoonsKiviuq
0%
Quiz Solar System And Dwarf Planets MoonsLaomedeia
0%
Quiz Solar System And Dwarf Planets MoonsLarissa
0%
Quiz Solar System And Dwarf Planets MoonsLoge
0%
Quiz Solar System And Dwarf Planets MoonsLysithea
0%
Quiz Solar System And Dwarf Planets MoonsMab
0%
Quiz Solar System And Dwarf Planets MoonsMargaret
0%
Quiz Solar System And Dwarf Planets MoonsMegaclite
0%
Quiz Solar System And Dwarf Planets MoonsMethone
0%
Quiz Solar System And Dwarf Planets MoonsMetis
0%
Quiz Solar System And Dwarf Planets MoonsMimas
0%
Quiz Solar System And Dwarf Planets MoonsMiranda
0%
Quiz Solar System And Dwarf Planets MoonsMundilfari
0%
Quiz Solar System And Dwarf Planets MoonsNaiad
0%
Quiz Solar System And Dwarf Planets MoonsNarvi
0%
Quiz Solar System And Dwarf Planets MoonsNereid
0%
Quiz Solar System And Dwarf Planets MoonsNeso
0%
Quiz Solar System And Dwarf Planets MoonsOberon
0%
Quiz Solar System And Dwarf Planets MoonsOphelia
0%
Quiz Solar System And Dwarf Planets MoonsPaaliaq
0%
Quiz Solar System And Dwarf Planets MoonsPallene
0%
Quiz Solar System And Dwarf Planets MoonsPan
0%
Quiz Solar System And Dwarf Planets MoonsPandora
0%
Quiz Solar System And Dwarf Planets MoonsPasiphae
0%
Quiz Solar System And Dwarf Planets MoonsPerdita
0%
Quiz Solar System And Dwarf Planets MoonsPhilophrosyne
0%
Quiz Solar System And Dwarf Planets MoonsPhoebe
0%
Quiz Solar System And Dwarf Planets MoonsPolydeuces
0%
Quiz Solar System And Dwarf Planets MoonsPortia
0%
Quiz Solar System And Dwarf Planets MoonsPrometheus
0%
Quiz Solar System And Dwarf Planets MoonsProspero
0%
Quiz Solar System And Dwarf Planets MoonsProteus
0%
Quiz Solar System And Dwarf Planets MoonsPsamathe
0%
Quiz Solar System And Dwarf Planets MoonsPuck
0%
Quiz Solar System And Dwarf Planets MoonsRhea
0%
Quiz Solar System And Dwarf Planets MoonsRosalind
0%
Quiz Solar System And Dwarf Planets MoonsSao
0%
Quiz Solar System And Dwarf Planets MoonsSetebos
0%
Quiz Solar System And Dwarf Planets MoonsSiarnaq
0%
Quiz Solar System And Dwarf Planets MoonsSinope
0%
Quiz Solar System And Dwarf Planets MoonsSkathi
0%
Quiz Solar System And Dwarf Planets MoonsSponde
0%
Quiz Solar System And Dwarf Planets MoonsStephano
0%
Quiz Solar System And Dwarf Planets MoonsSuttungr
0%
Quiz Solar System And Dwarf Planets MoonsSycorax
0%
Quiz Solar System And Dwarf Planets MoonsTarqeq
0%
Quiz Solar System And Dwarf Planets MoonsTarvos
0%
Quiz Solar System And Dwarf Planets MoonsTelesto
0%
Quiz Solar System And Dwarf Planets MoonsTethys
0%
Quiz Solar System And Dwarf Planets MoonsThalassa
0%
Quiz Solar System And Dwarf Planets MoonsThebe
0%
Quiz Solar System And Dwarf Planets MoonsThemis
0%
Quiz Solar System And Dwarf Planets MoonsThemisto
0%
Quiz Solar System And Dwarf Planets MoonsThrymr
0%
Quiz Solar System And Dwarf Planets MoonsThyone
0%
Quiz Solar System And Dwarf Planets MoonsTitania
0%
Quiz Solar System And Dwarf Planets MoonsTrinculo
0%
Quiz Solar System And Dwarf Planets MoonsTriton
0%
Quiz Solar System And Dwarf Planets MoonsUmbriel
0%
Quiz Solar System And Dwarf Planets MoonsValetudo
0%
Quiz Solar System And Dwarf Planets MoonsXiangliu
0%
Quiz Solar System And Dwarf Planets MoonsYmir (S/2000 S 1)
0%

Score Distribution

Percentile by Number Answered

Percent of People with Each Score

Your Score History

You have not taken this quiz